000 00366 a2200169 4500
001 51854
020 _a
040 _cAnchieta - Pituba
100 _aCacá
240 1 0 _a2ª Geografia, III unidade
_lpor
245 1 0 _a2ª Geografia, III unidade
300 _a5
362 0 _a2011
440 1 _aColégio Anchieta
650 4 _aGeografia e viagens
942 _cBK
999 _c51854
_d51854